000 00654nam a22001937a 4500
005 20260120144609.0
010 _aENG-147562
020 _a9788199367579
_c599.00
035 _aEN-131094
037 _bDBAD
082 _a327.5408
_21
245 _aIndia South Africa Relations Charting A Future in Changing World Order/
_cEdited By Samir Bhattacharya [and] Vishal Nirghen
250 _a1
260 _aNew Delhi
_bHar Anand Publication
_c2025
270 _aE-49/3, Okhla Industrial Area, Phase-II,
_bNew Delhi
_e110020
300 _a172p.
_c22cm(Hb)
700 _aNirghen, Vishal
_eEditor
_986643
942 _2ddc
_cEN
_h327.5408
_mIND
999 _c214314
_d214314